[Event "C.to Italiano ASCI"]
[Site "Senigallia ITA"]
[Date "2013.08.01"]
[Round "6"]
[White "Fratini, Mauro"]
[Black "Murgia, Stefano"]
[WhiteElo "1907"]
[BlackElo "1729"]
[Result "1-0"]
[PlyCount "71"]
[EventDate "2013.07.27"]

1. d4 d6 2. Bf4 f5 3. e3 Nf6 4. Nd2 e6 5. h3 Nc6 6. Ngf3 Qe7 7. Nc4 h6 8. Be2
g5 9. Bh2 Bg7 10. a4 Bd7 11. c3 O-O 12. Na3 a6 13. O-O Kh8 14. Qc2 e5 15. Rfe1
e4 16. Nd2 Qf7 17. b4 Ne7 18. b5 Ng6 19. b6 d5 20. bxc7 f4 21. c4 f3 22. Bf1
fxg2 23. Bxg2 Nh4 24. cxd5 Nxg2 25. Kxg2 Qh5 26. Rh1 Nxd5 27. Bg3 Nf4+ 28. Bxf4
gxf4 29. Nxe4 fxe3 30. fxe3 Bc6 31. Kh2 Rf3 32. Ng3 Qg5 33. Rhg1 Raf8 34. Raf1
Qxe3 35. Rxf3 Qxf3 36. Rf1 1-0

[Event "C.to Italiano ASCI"]
[Site "Senigallia ITA"]
[Date "2013.08.01"]
[Round "6"]
[White "Gasperoni, Claudio"]
[Black "Badano, Giancarlo"]
[WhiteElo "1856"]
[BlackElo "1935"]
[Result "1/2-1/2"]
[PlyCount "43"]
[EventDate "2013.07.27"]

1. d4 d5 2. c4 e6 3. Nc3 Nf6 4. cxd5 exd5 5. Bg5 c6 6. e3 Be7 7. Qc2 O-O 8. Bd3
Nbd7 9. Nge2 Re8 10. O-O Nf8 11. Rab1 Ng4 12. Bf4 Bd6 13. Bf5 Bxf5 14. Qxf5
Bxf4 15. Nxf4 Nf6 16. b4 Qd6 17. b5 Rab8 18. Qg5 a6 19. a4 Ne6 20. Nxe6 fxe6
21. Qg3 Qxg3 22. hxg3 1/2-1/2

[Event "C.to Italiano ASCI"]
[Site "Senigallia ITA"]
[Date "2013.08.01"]
[Round "6"]
[White "Pugliese, Giuseppe"]
[Black "Crocioni, Luca"]
[WhiteElo "1757"]
[BlackElo "1455"]
[Result "1-0"]
[PlyCount "81"]
[EventDate "2013.07.27"]

1. e4 e5 2. Nf3 Nc6 3. d4 d6 4. Bc4 Nf6 5. dxe5 dxe5 6. Qxd8+ Kxd8 7. Ng5 Ke7
8. Nxf7 Rg8 9. Ng5 Rh8 10. Nc3 h6 11. Nf3 Nb4 12. Bd3 Bg4 13. Nxe5 c6 14. Ng6+
Kd7 15. Nxh8 Bh5 16. O-O Bc5 17. e5 Ng4 18. Bf5+ Kc7 19. Bxg4 Bxg4 20. Ng6 Bf5
21. Nh4 Bxc2 22. a3 Na6 23. Be3 Be7 24. Nf3 Bd3 25. Rfd1 Bc4 26. Rac1 b5 27.
Ne4 h5 28. Bg5 Bc5 29. b4 Bb6 30. Nd4 Bxd4 31. Rxd4 Re8 32. Bf6 Kb6 33. Nd6 Rg8
34. Nxc4+ bxc4 35. Rdxc4 Nb8 36. e6 a5 37. Rd1 Re8 38. bxa5+ Kxa5 39. Bd8+ Kb5
40. Rb4+ Kc5 41. Bb6# 1-0

[Event "C.to Italiano ASCI"]
[Site "Senigallia ITA"]
[Date "2013.08.01"]
[Round "6"]
[White "Zavan, Fabrizio"]
[Black "Sommadossi, Roberto"]
[WhiteElo "1515"]
[BlackElo "1563"]
[Result "1-0"]
[PlyCount "51"]
[EventDate "2013.07.27"]

1. e4 c5 2. Nf3 Nc6 3. d4 cxd4 4. Nxd4 g6 5. Nc3 Bg7 6. Be3 d6 7. Be2 Nf6 8. f3
a6 9. Qd2 O-O 10. O-O Ne5 11. Rad1 Bd7 12. h3 b5 13. b4 Rc8 14. Rc1 Nc4 15.
Bxc4 Rxc4 16. a3 Qc7 17. Nb1 e5 18. Nb3 Rc8 19. Rf2 Nh5 20. Na5 Be6 21. Nxc4
Bxc4 22. Nc3 Qe7 23. Nd5 Bxd5 24. Qxd5 Rc3 25. Qd2 Nf4 26. Qxc3 1-0

[Event "C.to Italiano ASCI"]
[Site "Senigallia ITA"]
[Date "2013.08.02"]
[Round "7"]
[White "Badano, Giancarlo"]
[Black "Avanzi, Gioni"]
[WhiteElo "1935"]
[BlackElo "1621"]
[Result "1-0"]
[PlyCount "59"]
[EventDate "2013.07.27"]

1. e4 c5 2. Nc3 Nc6 3. g3 a6 4. Bg2 d6 5. f4 Bd7 6. Nf3 g6 7. O-O Bg7 8. b3 Nf6
9. Re1 O-O 10. Bb2 Re8 11. h3 h6 12. d3 Qc8 13. Kh2 e5 14. Nd5 Nxd5 15. exd5
Nd4 16. fxe5 Nxf3+ 17. Qxf3 Bxe5 18. Bxe5 Rxe5 19. Rxe5 dxe5 20. Qe3 Qc7 21.
Qxh6 Re8 22. Be4 Bc8 23. Rf1 Qe7 24. Bxg6 fxg6 25. Qxg6+ Kh8 26. Rf7 Qxf7 27.
Qxf7 Rg8 28. Qf6+ Kh7 29. Qxe5 Rg7 30. Qh5+ 1-0

[Event "C.to Italiano ASCI"]
[Site "Senigallia ITA"]
[Date "2013.08.02"]
[Round "7"]
[White "Gasperoni, Claudio"]
[Black "Fratini, Mauro"]
[WhiteElo "1856"]
[BlackElo "1907"]
[Result "1-0"]
[PlyCount "111"]
[EventDate "2013.07.27"]

1. d4 d5 2. c4 c6 3. Nc3 Nf6 4. Nf3 e6 5. cxd5 exd5 6. Bg5 Be7 7. Qc2 O-O 8. e3
Nbd7 9. Bd3 Re8 10. O-O Nf8 11. Rab1 Bd6 12. b4 h6 13. Bh4 Bg4 14. Nd2 g5 15.
Bg3 Bxg3 16. hxg3 Qe7 17. Na4 b6 18. Bf5 Bxf5 19. Qxf5 Qd6 20. Rfc1 Ng6 21. a3
Ne7 22. Qd3 h5 23. Nf3 Ne4 24. Rb2 f6 25. Rbc2 g4 26. Nh4 Rac8 27. Nc3 f5 28.
Ne2 Kg7 29. Nf4 Kh6 30. Nfg6 Qf6 31. Ne5 c5 32. bxc5 bxc5 33. Nd7 c4 34. Qxe4
fxe4 35. Nxf6 Red8 36. Nxe4 dxe4 37. Rxc4 Kg5 38. Rc5+ Rxc5 39. Rxc5+ Rd5 40.
f3 Rxc5 41. dxc5 Kf6 42. Kf2 Ke5 43. Ke2 exf3+ 44. gxf3 Kd5 45. Nf5 Ng8 46. f4
Kxc5 47. e4 Kc4 48. Ng7 a5 49. Nxh5 a4 50. e5 Kd5 51. Nf6+ Nxf6 52. exf6 Ke6
53. Ke3 Kxf6 54. Kd4 Ke6 55. Ke4 Kf6 56. f5 1-0

[Event "C.to Italiano ASCI"]
[Site "Senigallia ITA"]
[Date "2013.08.02"]
[Round "7"]
[White "Murgia, Stefano"]
[Black "Pugliese, Giuseppe"]
[WhiteElo "1729"]
[BlackElo "1757"]
[Result "1/2-1/2"]
[PlyCount "28"]
[EventDate "2013.07.27"]

1. e4 c5 2. Nf3 Nc6 3. d4 cxd4 4. Nxd4 e6 5. Nc3 a6 6. Be3 Qc7 7. Be2 b5 8. a3
Bb7 9. O-O Nf6 10. Nxc6 dxc6 11. f4 c5 12. Bf3 Rd8 13. Qe2 Be7 14. e5 Bxf3
1/2-1/2

[Event "C.to Italiano ASCI"]
[Site "Senigallia ITA"]
[Date "2013.08.02"]
[Round "7"]
[White "Vrioni, Bersan"]
[Black "Zavan, Fabrizio"]
[WhiteElo "1848"]
[BlackElo "1515"]
[Result "1-0"]
[PlyCount "79"]
[EventDate "2013.07.27"]

1. e4 c6 2. f4 d5 3. e5 Bf5 4. Nf3 e6 5. d4 c5 6. Be3 cxd4 7. Bxd4 Nc6 8. Bf2
Bb4+ 9. Nbd2 Bxd2+ 10. Qxd2 Nge7 11. a3 a5 12. Bd3 O-O 13. h3 Rc8 14. g4 Bxd3
15. Qxd3 f5 16. O-O-O g6 17. Ng5 Qd7 18. Qg3 Kg7 19. Bc5 Rh8 20. Qh4 b5 21. Nf3
Rhf8 22. Kb1 b4 23. a4 Rce8 24. b3 Nd8 25. Nd4 Nb7 26. gxf5 exf5 27. Bxe7 Rxe7
28. Qg5 Ree8 29. h4 Qe7 30. Qg2 Qd7 31. Nb5 Re6 32. Rxd5 Qc8 33. Rhd1 Rd8 34.
Rxd8 Nxd8 35. Qd5 Nf7 36. Qd7 Qxd7 37. Rxd7 Kg8 38. Ra7 h5 39. Rxa5 g5 40. Nd4
1-0

[Event "LV Festival D"]
[Site "Imperia ITA"]
[Date "2013.09.04"]
[Round "1"]
[White "Scarato, Luca"]
[Black "Pisani, Federica"]
[WhiteElo "1413"]
[BlackElo "1443"]
[Result "0-1"]
[PlyCount "156"]
[EventDate "2013.09.04"]

1. e4 e5 2. Nf3 Nc6 3. Bc4 Bc5 4. Nc3 d6 5. d3 h6 6. Be3 Bb6 7. Nd5 Bg4 8. h3
Bh5 9. g4 Bg6 10. c3 Nf6 11. Qd2 Bxe3 12. Nxe3 Na5 13. O-O-O Nxc4 14. Nxc4 Qe7
15. Rhe1 O-O-O 16. Qe3 Kb8 17. Nfd2 Rhe8 18. f3 d5 19. exd5 Nxd5 20. Qxe5 Qxe5
21. Nxe5 Nf4 22. d4 Rxe5 23. Rxe5 Nd3+ 24. Kb1 Nxe5+ 25. Ka1 Nc6 26. f4 Re8 27.
d5 Ne7 28. f5 Bh7 29. Re1 f6 30. Nc4 Bg8 31. d6 cxd6 32. Nxd6 Rd8 33. Rxe7 Rxd6
34. Re8+ Kc7 35. b3 Rd8 36. Re7+ Rd7 37. Re8 Bd5 38. c4 Bg2 39. Re3 Kd8 40. Rg3
Bc6 41. Rc3 Be4 42. c5 Rd3 43. Rc4 Bg2 44. Ra4 a6 45. h4 Bh3 46. Kb2 Rg3 47. c6
Kc7 48. cxb7 Kxb7 49. Rb4+ Ka7 50. Rd4 Rxg4 51. Rd7+ Kb6 52. Kc3 Kc6 53. Ra7
Kb6 54. Rd7 Rxh4 55. Rxg7 Bxf5 56. Rf7 Rh3+ 57. Kb4 a5+ 58. Ka3 Be4 59. Rxf6+
Bc6 60. Kb2 h5 61. Rh6 Kc7 62. Kc2 Be8 63. Kd2 Rg3 64. Rh7+ Kd8 65. Ra7 Rg2+
66. Ke3 Rxa2 67. Kf4 Rb2 68. Rxa5 Rxb3 69. Ra6 Rb4+ 70. Kg5 Rg4+ 71. Kf5 Rg6
72. Rxg6 Bxg6+ 73. Kg5 Ke7 74. Kh4 Kf6 75. Kg3 Kg5 76. Kh2 Kg4 77. Kg2 Be4+ 78.
Kh2 h4 0-1

[Event "LV Festival D"]
[Site "Imperia ITA"]
[Date "2013.09.05"]
[Round "2"]
[White "Perugia, Marco"]
[Black "Scarato, Luca"]
[WhiteElo "1416"]
[BlackElo "1413"]
[Result "0-1"]
[PlyCount "40"]
[EventDate "2013.09.04"]

1. e4 e5 2. Nf3 Nc6 3. Nc3 Nf6 4. d4 exd4 5. Nd5 Nxd5 6. exd5 Ne7 7. d6 cxd6 8.
Qe2 g6 9. Qe4 Bg7 10. Bc4 O-O 11. Ng5 Nf5 12. Bf4 h6 13. h4 hxg5 14. Bxg5 Re8
15. f3 Rxe4+ 16. fxe4 Qa5+ 17. Bd2 Qe5 18. O-O-O Qxe4 19. Rde1 Ne3 20. Rh3
Qxc2# 0-1

[Event "LV Festival D"]
[Site "Imperia ITA"]
[Date "2013.09.06"]
[Round "3"]
[White "Centelli, Elena"]
[Black "Parisi, Alessandro"]
[WhiteElo "1422"]
[BlackElo "1374"]
[Result "1-0"]
[PlyCount "93"]
[EventDate "2013.09.04"]

1. e4 e5 2. Nf3 d6 3. Nc3 Bg4 4. Bc4 Qe7 5. O-O Nc6 6. Bb5 Bd7 7. Bxc6 Bxc6 8.
d4 O-O-O 9. d5 Bd7 10. Be3 a6 11. Nd2 Nf6 12. f4 Ng4 13. Qe2 exf4 14. Rxf4 g5
15. Rxg4 Bxg4 16. Qxg4+ Qd7 17. Qxd7+ Rxd7 18. Bxg5 Rg8 19. Be3 b5 20. b4 Bg7
21. Ndb1 Bxc3 22. Nxc3 Rdd8 23. a4 bxa4 24. Rxa4 Kb7 25. b5 axb5 26. Nxb5 Ra8
27. Rxa8 Kxa8 28. Nxc7+ Kb8 29. Nb5 Re8 30. Bf4 Ka8 31. Bxd6 Rc8 32. c3 h6 33.
Bf4 h5 34. d6 Rd8 35. c4 Rd7 36. c5 Kb7 37. Nd4 Rd8 38. c6+ Kb6 39. c7 Rxd6 40.
Bxd6 Kb7 41. Nf5 h4 42. Ne7 h3 43. c8=Q+ Kb6 44. Qc5+ Kb7 45. Bc7 Ka8 46. Qb6
hxg2 47. Qb8# 1-0

[Event "LV Festival D"]
[Site "Imperia ITA"]
[Date "2013.09.06"]
[Round "4"]
[White "Ruo, Valentina"]
[Black "Parisi, Aurora"]
[WhiteElo "1374"]
[BlackElo "1380"]
[Result "1-0"]
[PlyCount "39"]
[EventDate "2013.09.04"]

1. e4 e5 2. Nf3 d6 3. Nc3 Nf6 4. Bc4 Nc6 5. Ng5 Qe7 6. Nxf7 Rg8 7. Nd5 Qxf7 8.
Nxf6+ Qxf6 9. Bxg8 d5 10. Bxd5 Bc5 11. O-O Qg6 12. Qf3 Qf6 13. Qh5+ Ke7 14. d3
h6 15. Be3 Bxe3 16. fxe3 g6 17. Qxh6 Qd6 18. Rf7+ Kd8 19. Qh8+ Qf8 20. Qxf8#
1-0

[Event "LV Festival D"]
[Site "Imperia ITA"]
[Date "2013.09.07"]
[Round "5"]
[White "Palmero, Silvio"]
[Black "Parisi, Alessandro"]
[WhiteElo "1293"]
[BlackElo "1374"]
[Result "0-1"]
[PlyCount "60"]
[EventDate "2013.09.04"]

1. e4 c5 2. Bc4 e6 3. Nf3 Nf6 4. Nc3 Nc6 5. d3 Bd6 6. Bg5 h6 7. Bh4 g5 8. Bg3
Bxg3 9. hxg3 g4 10. Nh4 d6 11. f3 gxf3 12. gxf3 Qe7 13. Qd2 Bd7 14. Ng2 O-O-O
15. Nb5 a6 16. Nc3 Qf8 17. Ne2 Be8 18. Qc3 Qe7 19. Qa3 d5 20. Bxa6 bxa6 21.
Qxa6+ Qb7 22. Qa4 Ne5 23. Nh4 Bxa4 24. Nc3 Bxc2 25. b3 Bxd3 26. exd5 Nxd5 27.
Ne4 Bxe4 28. fxe4 Qb4+ 29. Kf1 Ne3+ 30. Kf2 Qd2+ 0-1

[Event "LV Festival D"]
[Site "Imperia ITA"]
[Date "2013.09.07"]
[Round "5"]
[White "Reibaldi, Elia"]
[Black "Scarato, Luca"]
[WhiteElo "1314"]
[BlackElo "1413"]
[Result "0-1"]
[PlyCount "44"]
[EventDate "2013.09.04"]

1. e4 c6 2. d4 d5 3. Nc3 dxe4 4. Nxe4 Bf5 5. Bd3 Qxd4 6. Nf3 Qd8 7. O-O e6 8.
Bf4 Nf6 9. Re1 Nd5 10. Bg5 Be7 11. Bc4 Bxe4 12. Rxe4 Bxg5 13. Nxg5 Qxg5 14. Rg4
Qf6 15. c3 Nd7 16. Qb3 N7b6 17. Re1 O-O-O 18. Rge4 Rhe8 19. Rd4 Rd7 20. Bxd5
Rxd5 21. Rxd5 exd5 22. c4 Rxe1# 0-1

[Event "XXIV Coppa Autunno"]
[Site "Ivrea ITA"]
[Date "2013.10.10"]
[Round "1"]
[White "Bonardo, Davide"]
[Black "Bosticardo, Tommaso"]
[WhiteElo "1694"]
[BlackElo "1926"]
[Result "0-1"]
[PlyCount "96"]
[EventDate "2013.10.10"]

1. d4 d5 2. Nf3 Nf6 3. Bf4 c5 4. c3 Nc6 5. e3 Qb6 6. Qb3 c4 7. Qc2 Bf5 8. Qc1
h6 9. h3 e6 10. Nbd2 Qa5 11. Be2 b5 12. a3 Be7 13. O-O O-O 14. Bh2 Qb6 15. Ne5
a5 16. f4 Nxe5 17. fxe5 Ne4 18. Nxe4 Bxe4 19. Bg3 b4 20. Bd1 Rfb8 21. a4 bxc3
22. bxc3 Qb2 23. Rf2 Qxc1 24. Rxc1 Ba3 25. Ra1 Bb2 26. Ra2 Bxc3 27. Rf1 Rb7 28.
Be1 Bxe1 29. Rxe1 Rab8 30. Bc2 Bxc2 31. Rxc2 Rb2 32. Ree2 Rxc2 33. Rxc2 Rb4 34.
Ra2 Kf8 35. Kf1 Ke7 36. Ke1 f6 37. exf6+ gxf6 38. g4 Kf7 39. Kf2 Kg6 40. Kg3
Rb3 41. Kf4 Rb1 42. Ra3 Rf1+ 43. Kg3 e5 44. dxe5 fxe5 45. Ra2 d4 46. Rb2 c3 47.
Rb6+ Rf6 48. Rb1 d3 0-1

[Event "XXIV Coppa Autunno"]
[Site "Ivrea ITA"]
[Date "2013.10.10"]
[Round "1"]
[White "Calzolari, Marco"]
[Black "Bogatto, Mario"]
[WhiteElo "1751"]
[BlackElo "1423"]
[Result "1-0"]
[PlyCount "33"]
[EventDate "2013.10.10"]

1. d4 e6 2. Nf3 d5 3. e3 c6 4. Bd3 Nf6 5. O-O Be7 6. b3 Ne4 7. Bb2 Bf6 8. Nbd2
Nd6 9. Ne5 O-O 10. Ba3 Re8 11. Bxd6 Qxd6 12. Bxh7+ Kf8 13. Qh5 Bxe5 14. dxe5
Qd8 15. Nf3 f6 16. Bg6 Nd7 17. Qh8+ 1-0

[Event "XXIV Coppa Autunno"]
[Site "Ivrea ITA"]
[Date "2013.10.10"]
[Round "1"]
[White "Castaldo, Antonio"]
[Black "Bellafiore, Enzo"]
[WhiteElo "1557"]
[BlackElo "1767"]
[Result "1-0"]
[PlyCount "83"]
[EventDate "2013.10.10"]

1. Nf3 c5 2. g3 Nc6 3. Bg2 Nf6 4. d3 d5 5. O-O e5 6. Nc3 Be7 7. e4 d4 8. Ne2
O-O 9. a3 b5 10. h3 Be6 11. Ng5 Bd7 12. f4 h6 13. Nf3 Bd6 14. f5 c4 15. Bd2 Rb8
16. Qc1 Kh7 17. g4 Rh8 18. Nh2 Rc8 19. Qd1 Qb6 20. Ng3 c3 21. Bc1 b4 22. b3
bxa3 23. Bxa3 Bxa3 24. Rxa3 Nb4 25. h4 Kg8 26. Rf2 Qc5 27. Ra1 Ra8 28. g5 hxg5
29. hxg5 Ne8 30. Qc1 a5 31. Ng4 Ra6 32. Bf3 a4 33. bxa4 Rxa4 34. Rxa4 Bxa4 35.
Qa3 Bc6 36. Qb3 Kf8 37. g6 Nd6 38. Bd1 Be8 39. f6 fxg6 40. fxg7+ Kxg7 41. Qe6
Nc6 42. Qf6+ 1-0

[Event "XXIV Coppa Autunno"]
[Site "Ivrea ITA"]
[Date "2013.10.10"]
[Round "1"]
[White "Gennaro, Isabella"]
[Black "Ranieri, Fabrizio"]
[WhiteElo "1734"]
[BlackElo "2277"]
[Result "0-1"]
[PlyCount "32"]
[EventDate "2013.10.10"]

1. e4 e6 2. d4 d5 3. Nd2 Nf6 4. e5 Nfd7 5. Ngf3 c5 6. c3 Nc6 7. Bd3 Qb6 8. Ng5
cxd4 9. Nxe6 Ndxe5 10. Nxg7+ Bxg7 11. Qe2 Be6 12. Bb5 O-O 13. O-O Bg4 14. Nf3
Nxf3+ 15. gxf3 Bh3 16. Re1 dxc3 0-1

[Event "XXIV Coppa Autunno"]
[Site "Ivrea ITA"]
[Date "2013.10.10"]
[Round "1"]
[White "Grosso, Giacomo"]
[Black "Bellotti, Giuseppe"]
[WhiteElo "1282"]
[BlackElo "1744"]
[Result "1-0"]
[PlyCount "59"]
[EventDate "2013.10.10"]

1. e4 e5 2. Nf3 Nc6 3. Bb5 a6 4. Ba4 Nf6 5. O-O Nxe4 6. Re1 Nc5 7. Nxe5 Be7 8.
Bxc6 dxc6 9. d4 Nd7 10. Bg5 Nxe5 11. Bxe7 Qxe7 12. Rxe5 Be6 13. f4 O-O-O 14. f5
Qg5 15. Rxe6 fxe6 16. fxe6 Qe3+ 17. Kh1 Rxd4 18. Qf1 Rf4 19. Qg1 Qxg1+ 20. Kxg1
Rhf8 21. Nc3 Rf2 22. e7 Re8 23. Kxf2 Rxe7 24. Re1 Rf7+ 25. Kg1 Kd8 26. Ne4 Re7
27. Rd1+ Kc8 28. Nc5 Re2 29. Rf1 b6 30. Rf8+ 1-0

[Event "XXIV Coppa Autunno"]
[Site "Ivrea ITA"]
[Date "2013.10.10"]
[Round "1"]
[White "Paonessa, Denis"]
[Black "Giachino, Adriano"]
[WhiteElo "1841"]
[BlackElo "1605"]
[Result "1-0"]
[PlyCount "47"]
[EventDate "2013.10.10"]

1. d4 d5 2. c4 Nf6 3. Bg5 c6 4. Bxf6 exf6 5. e3 g6 6. Nc3 Bg7 7. cxd5 O-O 8.
Nge2 cxd5 9. Nf4 Be6 10. Bd3 Nc6 11. a3 a6 12. Qf3 Ne7 13. h4 Qd7 14. h5 Bg4
15. Qg3 Nf5 16. Qxg4 Rae8 17. hxg6 fxg6 18. Ncxd5 Rf7 19. Bc4 Qc6 20. Rc1 Nxd4
21. Ne7+ Rexe7 22. Bxf7+ Kxf7 23. Rxc6 bxc6 24. Rxh7 1-0

[Event "XXIV Coppa Autunno"]
[Site "Ivrea ITA"]
[Date "2013.10.10"]
[Round "1"]
[White "Razzano, Lorenzo"]
[Black "Trovero, Leo"]
[WhiteElo "1967"]
[BlackElo "1716"]
[Result "1/2-1/2"]
[PlyCount "53"]
[EventDate "2013.10.10"]

1. e4 c5 2. Nf3 d6 3. d4 cxd4 4. Nxd4 Nf6 5. Nc3 g6 6. h3 Bg7 7. Bc4 Nc6 8. Be3
O-O 9. Bb3 Bd7 10. O-O a6 11. Re1 b5 12. Qd2 Ne5 13. Qe2 Rc8 14. f4 Nc4 15.
Bxc4 Rxc4 16. Qd3 Qc7 17. Nd5 Nxd5 18. exd5 Bxd4 19. Bxd4 Bf5 20. Qe3 Rxc2 21.
Qxe7 Qxe7 22. Rxe7 Rd2 23. Bf6 Rxd5 24. Rae1 Be6 25. R1xe6 fxe6 26. Rg7+ Kh8
27. Rf7+ 1/2-1/2

[Event "XXIV Coppa Autunno"]
[Site "Ivrea ITA"]
[Date "2013.10.12"]
[Round "2"]
[White "Bellafiore, Enzo"]
[Black "Pane, Gabriele"]
[WhiteElo "1767"]
[BlackElo "1645"]
[Result "0-1"]
[PlyCount "102"]
[EventDate "2013.10.10"]

1. d4 Nf6 2. c4 e6 3. Nc3 Bb4 4. a3 Bxc3+ 5. bxc3 c5 6. f3 Nc6 7. e4 d6 8. dxc5
dxc5 9. Qxd8+ Kxd8 10. Be3 b6 11. O-O-O+ Ke7 12. Be2 Ba6 13. Nh3 Na5 14. Bg5
Bxc4 15. Bd3 Rhd8 16. Nf2 h6 17. Bh4 g5 18. Bg3 Nh5 19. Kb2 Bxd3 20. Rxd3 Rxd3
21. Nxd3 f6 22. Bf2 Rd8 23. Kc2 Nc4 24. a4 Na3+ 25. Kb3 Rxd3 26. Kxa3 Rxc3+ 27.
Kb2 Rd3 28. Bg3 e5 29. Be1 Rd1 30. g3 Rd3 31. Rf1 Re3 32. g4 Nf4 33. Bg3 Ne6
34. Bf2 Rd3 35. h4 Nd4 36. hxg5 hxg5 37. Bxd4 exd4 38. Rh1 Kd6 39. Rh7 a5 40.
Rh8 Rxf3 41. Rb8 Kc7 42. Rf8 Rf4 43. Kc2 c4 44. Kd2 Rxe4 45. Rxf6 Rxg4 46. Rf5
Rg2+ 47. Kd1 Kc6 48. Rb5 g4 49. Ke1 d3 50. Kd1 c3 51. Ke1 c2 0-1

[Event "XXIV Coppa Autunno"]
[Site "Ivrea ITA"]
[Date "2013.10.12"]
[Round "2"]
[White "Bellotti, Giuseppe"]
[Black "Bozza, Alberto"]
[WhiteElo "1744"]
[BlackElo "1549"]
[Result "1/2-1/2"]
[PlyCount "61"]
[EventDate "2013.10.10"]

1. e4 g6 2. d4 Bg7 3. Nc3 d6 4. Be3 Nd7 5. Qd2 Ngf6 6. f3 O-O 7. Nge2 Nb6 8.
Ng3 Nfd7 9. Bh6 c5 10. Bxg7 Kxg7 11. O-O-O f6 12. h4 cxd4 13. Qxd4 Nc5 14. h5
g5 15. h6+ Kh8 16. Bd3 Nxd3+ 17. Qxd3 Be6 18. Nd5 Rc8 19. Nh5 Nc4 20. f4 Bxd5
21. exd5 Qb6 22. Qb3 Qxb3 23. axb3 Ne3 24. Rd2 gxf4 25. Nxf4 Rg8 26. Re1 Nf5
27. c3 Rg4 28. Rf2 Re8 29. Nh5 Rg5 30. Nxf6 Rc8 31. Ne4 1/2-1/2

[Event "XXIV Coppa Autunno"]
[Site "Ivrea ITA"]
[Date "2013.10.17"]
[Round "2"]
[White "Bogatto, Mario"]
[Black "Bonardo, Davide"]
[WhiteElo "1423"]
[BlackElo "1694"]
[Result "0-1"]
[PlyCount "62"]
[EventDate "2013.10.10"]

1. e4 c6 2. Nf3 d5 3. Nc3 Bg4 4. d4 dxe4 5. Nxe4 Bxf3 6. gxf3 e6 7. Bg2 Qc7 8.
c3 Nd7 9. Qe2 Ngf6 10. f4 Nxe4 11. Bxe4 O-O-O 12. Be3 g6 13. O-O-O Bh6 14. Qf3
Nf6 15. Kb1 Nxe4 16. Qxe4 Bg7 17. h4 Rd5 18. Qf3 Rf5 19. h5 Bf8 20. hxg6 fxg6
21. Rhg1 Bd6 22. Rg4 Rhf8 23. Qe4 Qf7 24. d5 exd5 25. Qa4 a6 26. c4 Bb8 27.
cxd5 Rxd5 28. Rd4 Rxd4 29. Qxd4 Qf5+ 30. Kc1 Qxg4 31. f3 Qd7 0-1

[Event "XXIV Coppa Autunno"]
[Site "Ivrea ITA"]
[Date "2013.10.17"]
[Round "2"]
[White "Bosticardo, Tommaso"]
[Black "Calzolari, Marco"]
[WhiteElo "1926"]
[BlackElo "1751"]
[Result "1-0"]
[PlyCount "85"]
[EventDate "2013.10.10"]

1. d4 d5 2. c4 c6 3. Nf3 Nf6 4. Nc3 a6 5. c5 g6 6. Bf4 Bg7 7. h3 O-O 8. e3 Re8
9. Be2 Nbd7 10. O-O Ne4 11. Nxe4 dxe4 12. Nd2 e5 13. dxe5 Nxc5 14. Nc4 Qxd1 15.
Rfxd1 Be6 16. Nd6 Re7 17. Rac1 Nd3 18. Bxd3 exd3 19. Rxd3 Rd7 20. Rcd1 Bf8 21.
b3 h6 22. Ne4 Rxd3 23. Rxd3 Kg7 24. Nf6 g5 25. Bh2 Be7 26. Nh5+ Kg6 27. Ng3 Rd8
28. Rxd8 Bxd8 29. Ne4 Be7 30. f4 c5 31. g4 Bd5 32. f5+ Kh7 33. Nd2 f6 34. e4
Bf7 35. exf6 Bxf6 36. e5 Bd8 37. e6 Be8 38. Bd6 Kg7 39. Bxc5 Kf6 40. Bd4+ Ke7
41. Ne4 Bc7 42. Bc5+ Kd8 43. f6 1-0

[Event "XXIV Coppa Autunno"]
[Site "Ivrea ITA"]
[Date "2013.10.17"]
[Round "2"]
[White "Chiarotto, Filippo"]
[Black "Razzano, Lorenzo"]
[WhiteElo "2084"]
[BlackElo "1967"]
[Result "1/2-1/2"]
[PlyCount "86"]
[EventDate "2013.10.10"]

1. e4 e5 2. Nf3 Nc6 3. Bc4 Nf6 4. Qe2 Bc5 5. c3 d6 6. h3 Bb6 7. d3 h6 8. Nbd2
Ne7 9. Nf1 Ng6 10. g3 c6 11. Be3 Qe7 12. Bxb6 axb6 13. Ne3 Qc7 14. a3 b5 15.
Bb3 Be6 16. Bxe6 fxe6 17. O-O O-O 18. Nh2 d5 19. Nhg4 Qe7 20. Rae1 Nd7 21. Ng2
Rae8 22. h4 Nf6 23. Nxf6+ Qxf6 24. Qg4 Rf7 25. h5 Nf8 26. f4 d4 27. cxd4 exd4
28. e5 Qd8 29. Nh4 Qd5 30. f5 c5 31. f6 Nd7 32. Ng6 Qb3 33. Ne7+ Rfxe7 34. fxe7
Rxe7 35. Qe2 c4 36. Rc1 Nc5 37. Qf3 Qxd3 38. Qf8+ Kh7 39. Rf3 Qd2 40. Qxe7
Qxc1+ 41. Kg2 Qc2+ 42. Rf2 Qe4+ 43. Kh2 Qxe5 1/2-1/2

[Event "XXIV Coppa Autunno"]
[Site "Ivrea ITA"]
[Date "2013.10.17"]
[Round "2"]
[White "Giachino, Adriano"]
[Black "Gennaro, Isabella"]
[WhiteElo "1605"]
[BlackElo "1734"]
[Result "0-1"]
[PlyCount "74"]
[EventDate "2013.10.10"]

1. e4 c5 2. Nf3 Nc6 3. d4 cxd4 4. Nxd4 Nf6 5. Nc3 e5 6. Nb3 Bb4 7. Bg5 h6 8.
Bxf6 Qxf6 9. Qd2 Nd4 10. a3 Nxb3 11. cxb3 Ba5 12. b4 Bd8 13. Nd5 Qg6 14. Qc2
O-O 15. g3 d6 16. Bg2 f5 17. O-O f4 18. Qc4 Be6 19. Qd3 Kh8 20. Nc3 Be7 21. Nb5
a6 22. Nc7 Rac8 23. Nxe6 Qxe6 24. Kh1 Qc4 25. Qf3 fxg3 26. Qxg3 Rf4 27. Rg1 Bh4
28. Qg6 Rf6 29. Qg4 Bxf2 30. Bf1 Qg8 31. Rg2 Be3 32. Re1 Bg5 33. Rg3 Rf4 34.
Qh3 Bh4 35. Ree3 Bxg3 36. Rxg3 Qf8 37. Rg1 Rc1 0-1

[Event "XXIV Coppa Autunno"]
[Site "Ivrea ITA"]
[Date "2013.10.17"]
[Round "2"]
[White "Ranieri, Fabrizio"]
[Black "Paonessa, Denis"]
[WhiteElo "2277"]
[BlackElo "1841"]
[Result "1-0"]
[PlyCount "57"]
[EventDate "2013.10.10"]

1. e4 e5 2. Nf3 Nc6 3. d4 exd4 4. Nxd4 Bc5 5. Nxc6 Qf6 6. Qd2 dxc6 7. Bc4 Be6
8. Bxe6 Qxe6 9. O-O Nf6 10. Nc3 Ng4 11. h3 Ne5 12. Kh1 Nf3 13. Qd3 Ne5 14. Qe2
O-O-O 15. f4 Nd7 16. Be3 Rhe8 17. a3 Bxe3 18. Qxe3 Kb8 19. Rad1 Nb6 20. b3 Nd5
21. Qd3 Nb6 22. Qxd8+ Rxd8 23. Rxd8+ Nc8 24. Rg8 b6 25. e5 Kb7 26. Rxg7 h5 27.
Ne4 Nd6 28. exd6 Qxe4 29. Rxf7 1-0

[Event "XXIV Coppa Autunno"]
[Site "Ivrea ITA"]
[Date "2013.10.17"]
[Round "2"]
[White "Trovero, Leo"]
[Black "Grosso, Giacomo"]
[WhiteElo "1716"]
[BlackElo "1282"]
[Result "0-1"]
[PlyCount "46"]
[EventDate "2013.10.10"]

1. Nf3 d5 2. c4 c6 3. cxd5 cxd5 4. Nc3 Nf6 5. e3 Bd7 6. b3 e6 7. Bb2 Bd6 8. d4
Qa5 9. Bd3 a6 10. O-O h6 11. Re1 Bc6 12. Qc2 O-O 13. e4 dxe4 14. Nxe4 Nxe4 15.
Bxe4 Bxe4 16. Rxe4 Nd7 17. d5 Qc7 18. Qe2 exd5 19. Rg4 g6 20. Rc1 Rfe8 21. Rxc7
Rxe2 22. Rxd7 Rxb2 23. Rxd6 Rb1+ 0-1

[Event "XXIV Coppa Autunno"]
[Site "Ivrea ITA"]
[Date "2013.10.24"]
[Round "3"]
[White "Bellafiore, Enzo"]
[Black "Trovero, Leo"]
[WhiteElo "1767"]
[BlackElo "1716"]
[Result "1-0"]
[PlyCount "101"]
[EventDate "2013.10.10"]

1. e4 c5 2. Nf3 d6 3. c3 Nf6 4. Be2 Nc6 5. d4 cxd4 6. cxd4 e6 7. Nc3 Be7 8. O-O
O-O 9. a3 e5 10. d5 Nb8 11. Be3 Ng4 12. Bd2 f5 13. h3 Nf6 14. Ng5 h6 15. Ne6
Bxe6 16. dxe6 fxe4 17. Be3 d5 18. Na4 d4 19. Bd2 Qe8 20. Rc1 d3 21. Bg4 h5 22.
Bf5 g6 23. Bxe4 Nxe4 24. Bh6 Rf5 25. Qxd3 Nd6 26. g4 hxg4 27. hxg4 Rf6 28. g5
Rf5 29. Rc7 Na6 30. Rd7 Rc8 31. Rd1 Rc4 32. Rxd6 Rg4+ 33. Kf1 Bxd6 34. Qxd6
Qb5+ 35. Qd3 Qxd3+ 36. Rxd3 Rd4 37. Rc3 Rd8 38. b4 b5 39. Nc5 Rc8 40. Rd3 Nxc5
41. bxc5 Re8 42. c6 e4 43. Rd7 e3 44. c7 Rxf2+ 45. Ke1 Rd2 46. Rg7+ Kh8 47. Rd7
Kg8 48. Rg7+ Kh8 49. e7 Rc2 50. Rf7 Rf2 51. Rf8+ 1-0